Sustainability for small businesses / (Record no. 10476)

MARC details
000 -LEADER
fixed length control field 00700nam a22001817a 4500
005 - DATE AND TIME OF LATEST TRANSACTION
control field 20250916122151.0
008 - FIXED-LENGTH DATA ELEMENTS--GENERAL INFORMATION
fixed length control field 250916b ||||| |||| 00| 0 eng d
020 ## - INTERNATIONAL STANDARD BOOK NUMBER
International Standard Book Number 9781639050086
050 ## - LIBRARY OF CONGRESS CALL NUMBER
Classification number KF1416.G88
100 ## - MAIN ENTRY--PERSONAL NAME
9 (RLIN) Gutterman, Alan S.
245 ## - TITLE STATEMENT
Title Sustainability for small businesses /
Statement of responsibility, etc. Alan S. Gutterman.
260 ## - PUBLICATION, DISTRIBUTION, ETC.
Place of publication, distribution, etc. Chicago :
Name of publisher, distributor, etc. American Bar Association,
Date of publication, distribution, etc. 2021.
300 ## - PHYSICAL DESCRIPTION
Extent viii, 109 p. :
Dimensions 23 cm.
490 ## - SERIES STATEMENT
Materials specified The corporate social responsibility series.
500 ## - GENERAL NOTE
General note Includes index.
505 ## - FORMATTED CONTENTS NOTE
Formatted contents note Contents: Corporate social responsibility -- Planning -- Implementation -- Governance and management -- Reporting and communications -- Sustainable entrepreneurship.
942 ## - ADDED ENTRY ELEMENTS (KOHA)
Source of classification or shelving scheme Library of Congress Classification
Koha item type Books
Holdings
Withdrawn status Lost status Source of classification or shelving scheme Damaged status Not for loan Home library Current library Shelving location Date acquired Full call number Barcode Date last seen Copy number Price effective from Koha item type
    Library of Congress Classification     WISCONSIN INTERNATIONAL UNIVERSITY COLLEGE, GHANA - MAIN LIBRARY WISCONSIN INTERNATIONAL UNIVERSITY COLLEGE, GHANA - MAIN LIBRARY Law Library 16/09/2025 KF1416.G88 3503/608/25 16/09/2025 1 16/09/2025 Books

If you have any concerns or questions; kindly contact the library


© Powered by WIUC ICT DIRECTORATE